| 000 | 01196nac a22003131i 4500 | ||
|---|---|---|---|
| 003 | EG-ScBUE | ||
| 005 | 20240526094446.0 | ||
| 008 | 240526s2004 ua a f b 000 0 eng d | ||
| 020 | _a9774248368 | ||
| 035 | _a(OCoLC)ocm56358390 | ||
| 040 |
_aEG-ScBUE _beng _erda _cEG-ScBUE _dEG-ScBUE |
||
| 082 | 0 | 4 |
_a932.014 _bHAW _222 |
| 100 | 1 |
_aHawass, Zahi A., _eauthor. |
|
| 245 | 1 | 4 |
_aThe golden age of Tutankhamun : _bdivine might and splendor in the New Kingdom / _cZahi Hawass. |
| 246 | 3 | 0 | _aDivine might and splendor in the New Kingdom |
| 264 | 1 |
_aCairo ; _aNew York : _bAmerican University in Cairo Press, _c2004. |
|
| 300 |
_a162, [4] pages : _billustrations (some color) ; _c29 cm |
||
| 336 |
_2rdacontent _atext _btxt |
||
| 337 |
_aunmediated _2rdamedia _bn |
||
| 338 |
_avolume _bnc _2rdacarrier |
||
| 504 | _aIncludes bibliographical references. | ||
| 600 | 0 | 7 |
_aTutankhamen. _2BUEsh |
| 600 | 0 | 7 |
_aTutankhamen, _xTomb. _2BUEsh |
| 651 | 7 |
_aEgypt _xHistory _yNew Kingdom, ca. 1550-ca. 1070 B.C. _2BUEsh |
|
| 651 | 7 |
_aEgypt _xAntiquities. _2BUEsh |
|
| 655 | _vReading book | ||
| 856 | 4 | 1 |
_3Table of contents only _uhttp://www.loc.gov/catdir/toc/fy0608/2005357445.html |
| 942 |
_cBB _2ddc |
||
| 999 |
_c9248 _d9248 |
||